000
00339nam a2200145Ia 4500
005
20251222152715.0
008
251222s9999||||xx |||||||||||||| ||spa||
020
_a
9788408097259
082
_a
863.64/M72
100
_a
Mendoza, Eduardo
245
0
_a
RiƱa de Gatos Madrid 1936
250
_a
1ra.ed.
264
_b
Planeta
942
_c
LIB
999
_c
29347
_d
29347